Salzburg Quiz - Statistiken

Allgemein
  • Dieses Quiz wurde 379 mal gespielt
    110 seit der letzten Aktualisierung
  • Das Durchschnittsergebnis liegt bei 11 aus 20
Antwortstatistiken
Frage Antwort % Korrekt
Hauptstadt des Bundeslandes Salzburg
99%
Fluss, der durch diese Stadt und das gesamte Bundesland fließt Salzach
95%
Berühmter österreichischer Musiker und Komponist aus Salzburg Wolfgang Amadeus Mozart
94%
Gaue Salzburgs (4) Pongau
68%
Gaue Salzburgs (3) Pinzgau
63%
Stadt, welche an einem See liegt, mit vielen Touristen aus dem arabischen Raum Zell am See
63%
Ort der Vierschanzentournee Bischofshofen
60%
Gaue Salzburgs (1) Flachgau
60%
Gaue Salzburgs (5) Tennengau
60%
Gaue Salzburgs (2) Lungau
59%
Erfolgreichster Skifahrer aller Zeiten aus Hallein Marcel Hirscher
56%
Einer der höchsten Wasserfälle Europas befindet sich hier Krimml
45%
Höchster Berg (3.657 m) Großvenediger
40%
Schloss in der Nähe der Hauptstadt mit spektakulären Wasserspielen Schloss Hellbrunn
40%
Kurort in den Hohen Tauern, südlichste der drei Gemeinden im gleichnamigen Tal Bad Gastein
38%
Sehr bedeutender Ort für den Wintertourismus mit einem der größen Skigebiete Österreichs Saalbach-Hinterglemm
35%
Fast 1000 Jahre alte Festung im Zentrum des Bundeslandes Festung Hohenwerfen
32%
Zusammen mit dem Wallersee bilden diese Seen das Salzburger Seenland Trumer Seen
28%
Landeshauptfrau Karoline Edtstadler
24%
Pass der Tauernautobahn, der Salzburg mit Kärnten verbindet Katschberg
17%
Keine übereinstimmenden Quizze gefunden
Verteilung der Resultate
Anzahl Personen mit jedem Resultat
Perzentil nach korrekt beantworteten Fragen
Ihre Resultats-Entwicklung
Sie haben dieses Quiz seit der letzten Aktualisierung nicht gespielt